000 01857nam0a2200337 4500
001 RU\NLR\bibl\1163394
005 20241119163152.0
020 _aRU
_b07-13946
_9Летопись авторефератов диссертаций
021 _aRU
_b2007-8699а
_9348а
035 _a(NLR Aleph) 001150125
090 _a1472304
_c1472304
100 _a20070718d2007 u u0rusy50 ca
101 0 _arus
102 _aRU
105 _ay dm |||||
200 1 _aМакроэкономические инструменты реализации государственной региональной политики
_e(на примере бюджетной системы)
_eавтореф. дис. на соиск. учен. степ. канд. экон. наук
_eспециальность 08.00.05 <Экономика и упр. нар. хоз-вом>
_fВаксова Екатерина Евгеньевна
_g[Ин-т мировой экономики и междунар. отношений РАН]
210 _aМосква
_d2007
215 _a26 с.
_d21
320 _aБиблиогр.: с. 26 (9 назв.)
675 _a331.101.541
_v3
_zrus
686 _a06.71
_2rugasnti
686 _a65.24
_2rubbk
686 _a08.00.05
_2oksvnk
700 1 _aВаксова
_bЕ. В.
_gЕкатерина Евгеньевна
_4070
801 0 _aRU
_bRKP
_c20070718
_gPSBO
801 1 _aRU
_bRKP
_c20070718
801 2 _aRU
_bNLR
_c20071205
_grcr
901 _eАвторефераты
942 _cBOOK
981 1 0 _a(10) Авторефераты
_b(10) 08.00.00 Экономические науки
_b08.00.05 Экономика и управление народным хозяйством (по отраслям и сферам деятельности)